Diccionario de biología / (Record no. 19678)

MARC details
000 -LEADER
campo de control de longitud fija 00867nam a2200241 i 4500
001 - NÚMERO DE CONTROL
campo de control 19678
003 - IDENTIFICADOR DE NÚMERO DE CONTROL
campo de control ES-MaACL
005 - FECHA Y HORA DE LA ÚLTIMA TRANSACCIÓN
campo de control 20250812221256.0
007 - CAMPO FIJO DE DESCRIPCIÓN FÍSICA--INFORMACIÓN GENERAL
campo de control de longitud fija t|
008 - DATOS DE LONGITUD FIJA--INFORMACIÓN GENERAL
campo de control de longitud fija 021008s1970 sp ||||1| spa d
100 1# - ENTRADA PRINCIPAL--NOMBRE DE PERSONA
Nombre de persona Abercrombie, M.,
9 (RLIN) 18094
245 10 - MENCIÓN DEL TÍTULO
Título Diccionario de biología /
Mención de responsabilidad, etc. M. Abercrombie, C.J. Hickman y M.L. Johnson ; [traducción de Juan Massot Gimeno ; adaptación y presentación de Antonio Fontdevila].
260 ## - PUBLICACIÓN, DISTRIBUCIÓN, ETC.
Lugar de publicación, distribución, etc. [Barcelona :
Nombre del editor, distribuidor, etc. Labor],
Fecha de publicación, distribución, etc. [1970]
300 ## - DESCRIPCIÓN FÍSICA
Extensión 241 p. :
Otras características físicas il. ;
Dimensiones 20 cm.
490 1# - MENCIÓN DE SERIE
Mención de serie Diccionarios de la Nueva Colección Labor
700 1# - ENTRADA AGREGADA--NOMBRE PERSONAL
Nombre de persona Hickman, C. J.
9 (RLIN) 63552
700 1# - ENTRADA AGREGADA--NOMBRE PERSONAL
Nombre de persona Johnson, M. L.
9 (RLIN) 66753
700 1# - ENTRADA AGREGADA--NOMBRE PERSONAL
Nombre de persona Massot Gimeno, Juan.
9 (RLIN) 78859
700 1# - ENTRADA AGREGADA--NOMBRE PERSONAL
Nombre de persona Fontdevila, Antonio.
9 (RLIN) 51631
830 00 - PUNTO DE ACCESO ADICIONAL DE SERIE-TÍTULO UNIFORME
Título uniforme Diccionarios de la nueva Colección Labor
9 (RLIN) 182671
852 ## - LOCALIZACIÓN
Ubicación ES-MaACL
Número de control de estantería L-5432
Sublocalización o colección R.106224
Holdings
Estatus retirado Estado de pérdida Estado de daño No para préstamo Colección Biblioteca de origen Biblioteca actual Ubicación en estantería Fecha de adquisición Fuente de adquisición Total de préstamos Signatura topográfica completa Código de barras Visto por última vez Precio de reemplazo Tipo de ítem Koha
        Colección de referencia Biblioteca del Ateneo de Madrid Biblioteca del Ateneo de Madrid Depósito 2 17/01/2008     L-5432 1020143 23/02/2023 23/02/2023 Libro impreso